000 00575nab a2200181 a 4500
005 20210219161102.0
008 991125s1985 mx 000 0 spa u
035 _aUPN01000178537
100 1 _aCabrera López, Gabriela
222 _aREVISTA ESPAÑOLA DE ORIENTACION Y PSICOPEDAGOGIA
245 _aCompetencias profesionales de los orientadores educativos mexicanos
300 _a380-390
362 0 _a2010 Vol. 21, no. 2, may.-ago.
653 0 _aORIENTADOR EDUCATIVO
653 0 _aCOMPETENCIAS PROFESIONALES
653 0 _aORIENTACION EDUCATIVA
905 _aArticulo
999 _c150640
_d150640